000 00384nam a22001697a 4500
999 _c2797
_d2796
005 20211113111303.0
008 160615b xxu||||| |||| 00| 0 eng d
020 _a0-7879-0257-8
041 _aeng
082 _b7788
100 _aLangley, Gerald, J
_92001
245 _aThe Improvement Guide
260 _bJossy Books
300 _a359
650 _aManagement
_9241
942 _cBK